zpět

Detail výsledku týmu

Bar U Souseda, Plzeň

Datum a čas kvízu

11.5 Celkem bodů Celkový počet nahraných bodů na tomto kvízu bez doplňovacích otázek.
11. Pořadí na kvízu Konečné umístění týmu na tomto kvízu.

Zaznamenané odpovědi

# Otázka Odpověď Body Výsledky
1. Město Plzeň vyhlásilo nový dot... snížení vizuálního smogu 0
2. Ostře sledovaná byla návštěva... Slovinsko, Polsko 1
3. V pondělí byl oznámen poměrně... Veronika Žilková, Martin Stropnický 0
4. Slavný boxer Mike Tyson se v s... ucho 0
5. Tato 31letá česká biatlonistka... Eva Puskarčíková 1
6. Autorem literární předlohy age... Ve 20. století. 0
7. Seřaďte následující bondovky c... 1C 2B 3D 4A 0
8. Kterou z těchto zemí James Bon... D 1
9. Ve kterém filmu ztvárnila roli... Dnes neumírej 0
10. Píseň Golden Eye k bondovce z... Tina Turner 0